000
00311nam a2200133Ia 4500
008
220613s9999||||xx |||||||||||||| ||und||
100
_a
Carole Lium Edelman
245
0
_a
Health Promotion Throughout The Life Span
250
_a
3rd (1994)
260
_b
MOSBY
300
_a
684
650
_a
SPM
942
_c
PARAC
999
_c
4858
_d
4858